LEADER 01494nam a2200337 4500 001 000000333422 003 CaOOAMICUS 005 20190502140613.0 008 190502s2018 it a 000 u ita r 020 $a978-88-04-70627-4 040 $aSeMil$bita 100 1 $aLewis, Clive Staples,$d<1898-1963>.$0(OLS)http://semarc/name/12911 240 14$aThe horse and his boy.$0(OLS)http://semarc/title/422975 245 13$aIl cavallo e il ragazzo /$cC.S. Lewis ; traduzione di Chiara Belliti ; illustrazioni di Pauline Baynes. 264 1$aMilano :$bMondadori,$c2018. 300 $a190 p. :$bill. ;$c20 cm 490 1 $aOscar Bestsellers 541 1 $aFondo Mons. Mario Delpini 700 1 $aBelliti, Chiara,$etraduttore.$0(OLS)http://semarc/name/109398 700 1 $aBaynes, Pauline,$eillustratore.$0(OLS)http://semarc/name/109399 773 0 $aLewis, Clive Staples <1898-1963>$tCronache di Narnia.$dMilano : Mondadori, 2018-$kOscar bestsellers$g3$w()333424 830 0$aOscar bestsellers.$0(OLS)http://semarc/title/6833 850 $aSeMil 852 $aSeMil$W1$xVenegono$y1$m1V VI 313$j213505$B226260$CSeMilBibl$Z2$F226260 $81 900 1 $aLewis, Clive S.,$d<1888-1963>. 941 1 $a7 996 $6020$a978-88-04-70627-4$9(OLS)http://semarc/number/287190 996 $6245$aIl cavallo e il ragazzo$9(OLS)http://semarc/title/422974 996 $6264$aMilano :$bMondadori$9(OLS)http://semarc/publisher/30335 LEADER 00832nam a2200217 i 4500 001 000000241232 003 CaOOAMICUS 005 20150427000000.0 008 150427s1938 it u000 u ita u 013 $a220137 040 $aSeMil$bita 100 1 $aFranceschini, Giacomo.$0(OLS)http://semarc/name/81701 245 13$aLa Bestemmia in Italia /$cGiacomo Franceschini. 250 $a4. Edizione riveduta. 260 $aVenezia :$bIndustrie Grafiche Sorteni,$c1938. 300 $a83 p. ;$c22 cm. 500 $aIn testa al front : Dedica autografata dall'Autore. 850 $aSeMil 852 $aSeMil$W1$xVenegono$y1$m3N III 37$j191578$B191578$CSeMilBibl$Z2$F202369 $81 996 $6245$aLa Bestemmia in Italia$9(OLS)http://semarc/title/342927 996 $6260$aVenezia :$bIndustrie Grafiche Sorteni$9(OLS)http://semarc/publisher/54560